| 000 | 01227 a2200265 4500 | ||
|---|---|---|---|
| 005 | 20260303082240.0 | ||
| 008 | 161027b xxu||||| |||| 00| 0 eng d | ||
| 020 | _a9789970252411 | ||
| 050 |
_aHN777 _b.I54 2013 |
||
| 245 | _aInformal and formal social protection systems in Sub- Saharan Africa / | ||
| 260 |
_bFountain Publishers, _bOrganisation for Social Science Research in Eastern and Southern Africa (OSSREA) ; _c2013 _aAddis Ababa, Ethiopia : _aKampala : |
||
| 300 |
_axii, 302 p. : _bill. ; _c25 cm |
||
| 500 | _aIncludes bibliographical references and index | ||
| 650 |
_aSocial security _xSocial conditions _zAfrica, Sub-Saharan Sub-Saharan |
||
| 650 |
_aSocial planning _zAfrica, Sub-Saharan |
||
| 650 |
_aPoverty _zAfrica, Sub-Saharan |
||
| 650 |
_a Poverty _xGovernment policy _zAfrica, Sub-Saharan |
||
| 650 |
_aPublic welfare _zAfrica, Sub-Saharan |
||
| 651 |
_e Africa, Sub-Saharan _xSocial policy |
||
| 651 |
_eAfrica, Sub-Saharan _xSocial conditions |
||
| 700 |
_aDevereux, Stephen, _d1959- _e editor of compilation |
||
| 700 |
_aMelese Getu, _eeditor of compilation |
||
| 710 |
_aOrganization for Social Science Research in Eastern and Southern Africa, _eissuing body |
||
| 942 |
_cBK _2lcc |
||
| 999 |
_c46943 _d46943 |
||